| 000 | 00415 a2200145 4500 | ||
|---|---|---|---|
| 082 | _a297.1227 | ||
| 090 |
_c4921 _d4921 |
||
| 100 | _aDaryabadi,Maulana Abdul Majid | ||
| 245 |
_aTafsir-ul-Qur'an _bTranslation and Commentary of the Holy Quran _cMaulana Abdul Majid Daryabadi |
||
| 250 | _a1st | ||
| 260 |
_aKarachi _bDarul Ishaat _c1991 |
||
| 300 | _a560p | ||
| 500 | _aHard cover | ||
| 942 |
_aNBS _cBK _k297.1227 MAJ |
||
| 999 |
_c347351 _d347351 |
||